A dictionary of epidemiology. (Record no. 300)

000 -LEADER
fixed length control field 01555nam a22004457a 4500
001 - CONTROL NUMBER
control field 868511576
003 - CONTROL NUMBER IDENTIFIER
control field OCoLC
005 - DATE AND TIME OF LATEST TRANSACTION
control field 20210419073320.0
008 - FIXED-LENGTH DATA ELEMENTS--GENERAL INFORMATION
fixed length control field 140115s2014 enk bd 000 0 eng
010 ## - LIBRARY OF CONGRESS CONTROL NUMBER
LC control number 2014001686
016 7# - NATIONAL BIBLIOGRAPHIC AGENCY CONTROL NUMBER
Record control number 101623910
Source DNLM
020 ## - INTERNATIONAL STANDARD BOOK NUMBER
International Standard Book Number 9780199976720 (hbk. : alk. paper)
020 ## - INTERNATIONAL STANDARD BOOK NUMBER
International Standard Book Number 0199976724 (hbk. : alk. paper)
020 ## - INTERNATIONAL STANDARD BOOK NUMBER
International Standard Book Number 9780199976737 (pbk. : alk. paper)
020 ## - INTERNATIONAL STANDARD BOOK NUMBER
International Standard Book Number 0199976732 (pbk. : alk. paper)
035 ## - SYSTEM CONTROL NUMBER
System control number (OCoLC)868511576
040 ## - CATALOGING SOURCE
Original cataloging agency DNLM/DLC
Language of cataloging eng
Description conventions rda
Transcribing agency DLC
Modifying agency NLM
-- YDXCP
-- PHA
042 ## - AUTHENTICATION CODE
Authentication code pcc
049 ## - LOCAL HOLDINGS (OCLC)
Holding library YYEB
080 ## - UNIVERSAL DECIMAL CLASSIFICATION NUMBER
Universal Decimal Classification number 616-036.2
Item number D-53
096 ## - LOCALLY ASSIGNED NLM-TYPE CALL NUMBER (OCLC)
Classification number WA 13 D553 2014
100 ## - MAIN ENTRY--PERSONAL NAME
9 (RLIN) 181
Personal name Porta, Miquel
245 02 - TITLE STATEMENT
Title A dictionary of epidemiology.
250 ## - EDITION STATEMENT
Edition statement 6th ed. /
Remainder of edition statement edited for the International Epidemiological Association by Miquel Porta ; associate editors, Sander Greenland, Miguel Hernán, Isabel dos Santos Silva, John M. Last ; assistant editor, Andrea Burón.
260 ## - PUBLICATION, DISTRIBUTION, ETC.
Place of publication, distribution, etc. Oxford :
Name of publisher, distributor, etc. Oxford University Press,
Date of publication, distribution, etc. [2014]
300 ## - PHYSICAL DESCRIPTION
Extent xxxii, 343 pages ;
Dimensions ill
365 ## - TRADE PRICE
Price amount 37.75 usd
504 ## - BIBLIOGRAPHY, ETC. NOTE
Bibliography, etc. note Includes bibliographical references.
590 ## - LOCAL NOTE (RLIN)
Local note c.1 10068363 Ritt 9/2/14 $35.00.
650 #2 - SUBJECT ADDED ENTRY--TOPICAL TERM
Topical term or geographic name entry element Epidemiology
Form subdivision Dictionary.
653 ## - INDEX TERM--UNCONTROLLED
Uncontrolled term ეპიდემიოლოგია
653 ## - INDEX TERM--UNCONTROLLED
Uncontrolled term მედიცინა
700 1# - ADDED ENTRY--PERSONAL NAME
Personal name Porta, Miquel S.
700 1# - ADDED ENTRY--PERSONAL NAME
Personal name Greenland, Sander.
700 1# - ADDED ENTRY--PERSONAL NAME
Personal name Hernán, Miguel.
700 1# - ADDED ENTRY--PERSONAL NAME
Personal name Silva, Isabel dos Santos.
700 1# - ADDED ENTRY--PERSONAL NAME
Personal name Last, John M.
710 2# - ADDED ENTRY--CORPORATE NAME
Corporate name or jurisdiction name as entry element International Epidemiological Association.
942 ## - ADDED ENTRY ELEMENTS (KOHA)
Source of classification or shelving scheme
Koha item type Books
Holdings
Withdrawn status Lost status Source of classification or shelving scheme Damaged status Not for loan Permanent location Current location Date acquired Inventory number Total Checkouts Full call number Barcode Date last seen Price effective from Koha item type
          Ken Walker International University Ken Walker International University 11/20/2020 954   616-036.2 D-53 954 11/20/2020 11/20/2020 Books

Powered by Koha